Beedle the Bard Trivia Quiz Stats

 Plays Quiz not verified by Sporcle

Support Sporcle.
Go Orange.
Score 0/61 Timer 10:00
0 Plays Today
Hints Answer % Correct
Tale 5Tale of the Three Brothers
75.8%
Who wrote the commentary?Albus Dumbledore
68.2%
What animal did Babbity turn into?rabbit
65.2%
Translated from the ancient runes by:Hermione Granger
62.1%
don't forgetwhining like a dog
62.1%
or thisDeathstick
56.1%
Tale 1Wizard and the Hopping Pot
54.5%
Tale 2Fountain of Fair Fortune
54.5%
Corpses reanimated by Dark Magic:Inferi
54.5%
Tale 3Warlock's Hairy Heart
51.5%
Tale 4Babbity Rabbity and Her Cackling Stump
48.5%
In BRaCS, what muggle wanted magic?the foolish King
47%
Magical Creatures teacher before Hagrid:Professor Silvanus Kettleburn
45.5%
Notes and illustrations by:J.K. Rowling
42.4%
Had an exceptionally luxuriant:beard
40.9%
Dark Art of raising the dead:Necromancy
39.4%
muggleSir Luckless
37.9%
What was Babbity's job?washerwoman
36.4%
Other names for the Elder Wand:Wand of Destiny
33.3%
Problems absorbed by the hopping pot:warts
31.8%
anddonkey bray
30.3%
Who wrote The Toadstool Tales?Beatrix Bloxam
30.3%
Founded the Sociey of Potioneers:Hector Dagworth Granger
30.3%
Aberforth's favorite story (not in Tales):Grumble the Grubby Goat
30.3%
witchAmata
27.3%
Warlocks who have owned the Elder Wand:the First Brother
27.3%
Charity supported by royalties from Tales?The Children's High Level Group
25.8%
andcrying like a baby
24.2%
witchAltheda
24.2%
Draco's ancestor:Brutus Malfoy
24.2%
Beedle was born in this county:Yorkshire
22.7%
Hints Answer % Correct
andsalt water
21.2%
yuckplague of hungry slugs
21.2%
Characters in Fountain: witchAsha
21.2%
Herbology teacher who staged pantomime:Professor Herbert Beery
21.2%
Where did he teach after Hogwarts?WADA
21.2%
presumed developer of Horcrux spellGodelot
21.2%
so evil his mother claimed to have killed himLoxias
21.2%
andchoking
16.7%
The Unforgivable curses were made so in:1717
16.7%
who killedEmeric the Evil
16.7%
thenEgbert
16.7%
this, toosour milk
15.2%
He formed what to get rid of witches?Brigade of Witch Hunters
15.2%
Godelot's masterwork:Magick Moste Evile
15.2%
andbad cheese
13.6%
anti-muggle magazine:Warlock at War
13.6%
How many times was he on probation?62
13.6%
Famous French sorceress:Lisette de Lapin
13.6%
What title did he give the charlatan?Grand Sorcerer in Chief
12.1%
ordunglicker
12.1%
He wrote the fundamental laws of magic:Adalbert Waffling
12.1%
him, tooHereward
12.1%
Names pro-muggle wizards were called:mudwallower
10.6%
andscumsucker
10.6%
andgroans of hunger
9.1%
What was the name of the hound who died?Sabre
9.1%
Other name for elder:ellhorn
9.1%
and another:eldrun
9.1%
andBarnabas Deverill
9.1%
Eminent wizarding philosopher:Bertrand de Pensees Profondes
7.6%

You're not logged in!

Compare scores with friends on all Sporcle quizzes.
OR
Log In

From the Vault

Incomplete Fast Food Chains

by Pilgab

Dang! They forgot to give us ketchup!
Remove Ads.
Support Sporcle.
Get the best of Sporcle when you Go Orange. This ad-free experience offers more features, more stats, and more fun while also helping to support Sporcle. Thank you for becoming a member.

Show Comments

Extras

Created Feb 19, 2011ReportNominate

Top Quizzes Today


Score Distribution

Your Account Isn't Verified!

In order to create a playlist on Sporcle, you need to verify the email address you used during registration. Go to your Sporcle Settings to finish the process.

Report this User

Report this user for behavior that violates our Community Guidelines.

Details: